Logo Biblioteca

Yes, we can! 1 : (Registro nro. 703)

Detalles MARC
000 -LEADER
fixed length control field 00823nam a2200253 a 4500
001 - CONTROL NUMBER
control field 001475960
003 - CONTROL NUMBER IDENTIFIER
control field AR-RoUNCS
005 - DATE AND TIME OF LATEST TRANSACTION
control field 20251107135439.0
008 - FIXED-LENGTH DATA ELEMENTS--GENERAL INFORMATION
fixed length control field 190527s2019 ag ao jr 001 0 eng
020 ## - INTERNATIONAL STANDARD BOOK NUMBER
International Standard Book Number 978-950-46-5277-9
040 ## - CATALOGING SOURCE
Original cataloging agency AR-BaBN
Language of cataloging spa
Transcribing agency AR-BaBN
Description conventions aacr
080 1# - UNIVERSAL DECIMAL CLASSIFICATION NUMBER
Universal Decimal Classification number 811.111(07)
Edition identifier 2016
100 1# - MAIN ENTRY--PERSONAL NAME
Personal name Downie, Michael
Relator term autor
245 10 - TITLE STATEMENT
Title Yes, we can! 1 :
Remainder of title student's book + practice book /
Statement of responsibility, etc. Michael Downie, David Gray, John M. James.
250 ## - EDITION STATEMENT
Edition statement 1a ed., 3a reimpr.
260 ## - PUBLICATION, DISTRIBUTION, ETC.
Place of publication, distribution, etc. Buenos Aires :
Name of publisher, distributor, etc. Santillana,
Date of publication, distribution, etc. 2019.
300 ## - PHYSICAL DESCRIPTION
Extent 131 p. :
Other physical details il., fot. ;
Dimensions 28 cm.
521 0# - TARGET AUDIENCE NOTE
Target audience note Dirigido a estudiantes que inician el aprendizaje de la lengua inglesa.
650 #4 - SUBJECT ADDED ENTRY--TOPICAL TERM
Topical term or geographic name entry element INGLÉS
General subdivision ENSEÑANZA SECUNDARIA
655 #4 - INDEX TERM--GENRE/FORM
Genre/form data or focus term LIBROS DE TEXTO
700 1# - ADDED ENTRY--PERSONAL NAME
Personal name Gray, David
700 1# - ADDED ENTRY--PERSONAL NAME
Personal name James, John M.
942 ## - ADDED ENTRY ELEMENTS (KOHA)
Source of classification or shelving scheme Universal Decimal Classification
Koha item type Obra General
Suppress in OPAC No
Existencias
Withdrawn status Lost status Source of classification or shelving scheme Damaged status Not for loan Collection Home library Current library Date acquired Source of acquisition Total checkouts Full call number Barcode Date last seen Price effective from Koha item type
    Universal Decimal Classification     Colección General Biblioteca Escuela de Ciencias Sociales Biblioteca Escuela de Ciencias Sociales 07/11/2025 Donación 2023   811.111(07) D751 000343 07/11/2025 07/11/2025 Obra General
Biblioteca de la Escuela Preuniversitaria en Ciencias Sociales y Humanísticas.
Riobamba 250 bis.
CP 2000 - Rosario - Santa Fe
E-Mail: biblioteca@esociales.unr.edu.ar